The Agroecology of maize production in Tlaxca, Mexico : (Record no. 15351)
[ view plain ]
| 000 -LEADER | |
|---|---|
| fixed length control field | 00716nam a22002052 4500 |
| 001 - CONTROL NUMBER | |
| control field | 0000018795 |
| 005 - DATE AND TIME OF LATEST TRANSACTION | |
| control field | 20151217161556.0 |
| 008 - FIXED-LENGTH DATA ELEMENTS--GENERAL INFORMATION | |
| fixed length control field | 100701s xx 000 0 eng d |
| 040 ## - CATALOGING SOURCE | |
| Original cataloging agency | KABU |
| Transcribing agency | KABU |
| 100 1# - MAIN ENTRY--PERSONAL NAME | |
| Personal name | Arriaga, Francisco Javier Trujillo. |
| -- | 0000178205 |
| 245 14 - TITLE STATEMENT | |
| Title | The Agroecology of maize production in Tlaxca, Mexico : |
| Remainder of title | cropping systems effects on athropod communities / |
| Statement of responsibility, etc. | Francisco Javier Trujillo Arriaga. |
| 250 ## - EDITION STATEMENT | |
| Edition statement | 1st ed. |
| 260 ## - PUBLICATION, DISTRIBUTION, ETC. (IMPRINT) | |
| Place of publication, distribution, etc. | Berkeley : |
| Name of publisher, distributor, etc. | F. J. T. Arriaga, |
| Date of publication, distribution, etc. | 1987. |
| 300 ## - PHYSICAL DESCRIPTION | |
| Extent | 146 p. |
| 502 ## - DISSERTATION NOTE | |
| Dissertation note | Theses (Ph.D) University of California 1987. |
| 650 #0 - SUBJECT ADDED ENTRY--TOPICAL TERM | |
| Topical term or geographic name as entry element | Maize. |
| -- | 0000178206 |
| 908 ## - PUT COMMAND PARAMETER (RLIN) | |
| Put command parameter | 100701 |
| 950 ## - LOCAL HOLDINGS (RLIN) | |
| -- | 1 |
| Withdrawn status | Lost status | Source of classification or shelving scheme | Not for loan | Home library | Current library | Date acquired | Total Checkouts | Full call number | Barcode | Date last seen | Price effective from | Koha item type |
|---|---|---|---|---|---|---|---|---|---|---|---|---|
| Library of Congress Classification | Kabarak, Main Campus | Kabarak, Main Campus | 17/12/2015 | SB191 .M2A77 1987 c. 1 | 24760 | 17/12/2015 | 17/12/2015 | Thesis, Dissertation and Projecs |